000 00991pam a2200277 a 4500
001 1578318
003 JO-AjAnu
005 20231202133847.0
008 930610s1994 nyua b 001 0 eng
010 _a 93014434
020 _a0471584703
040 _aDLC
_cDLC
_dDLC
_dJO-AjAnu
050 0 0 _aHF5681.B2
_bW4678 1994
082 0 0 _a657/.3
_220
100 1 _aWhite, Gerald I.
_eauthor
245 1 4 _aThe analysis and use of financial statements /
_cGerald I. White, Ashwinpaul C. Sondhi, Dov Fried.
260 _aNew York :
_bWiley,
_cc1994.
300 _axvii, 1198 p. :
_bill. ;
_c25 cm.
504 _aIncludes bibliographical references (p. 1173-1183) and index.
650 0 _aFinancial statements.
700 1 _aSondhi, Ashwinpaul C.
_ejoint author
700 1 _aFried, Dov.
_ejoint author
906 _a7
_bcbc
_corignew
_d1
_eocip
_f19
_gy-gencatlg
942 _2lcc
_cBK
_n0
999 _c33209
_d33209